书目信息 |
| 题名: |
会计电算化系统工程初阶
|
|
| 作者: | 王世定 主编 | |
| 分册: | ||
| 出版信息: | 北京 北京经济学院出版社 1988.10 |
|
| 页数: | 315页 | |
| 开本: | 19厘米 | |
| 丛书名: | ||
| 单 册: | ||
| 中图分类: | F232 | |
| 科图分类: | ||
| 主题词: | 会计 | |
| 电子资源: | ||
| ISBN: | 7-5638-0060-3 | |
| 000 | 00744nam0 2200241 45 | |
| 001 | 0189026481 | |
| 005 | 20040425143755.0 | |
| 010 | @a7-5638-0060-3@dCNY3.60 | |
| 020 | @aCN@b89026481 | |
| 100 | @a19911017d1988 m y0chiy0120 ea | |
| 101 | 0 | @achi |
| 102 | @aCN@b110000 | |
| 105 | @ay z 000yy | |
| 106 | @ar | |
| 200 | 10 | @a会计电算化系统工程初阶@Akuai ji dian suanhua xi tong gong cheng chu jie@f王世定等主编@Fwang shi ding deng zhu bian |
| 210 | @a北京@c北京经济学院出版社@d1988.10 | |
| 215 | @a315页@d19厘米 | |
| 540 | 1 | @a会计 电算化 系统工程@Akuai ji dian suanhua xi tong gong cheng |
| 606 | 0 | @a会计 |
| 690 | @aF232 | |
| 701 | 0 | @a王世定@Awang shi ding@4主编 |
| 801 | 0 | @aCN@bNLC@c19911017 |
| 905 | @f1@b260496@dF232@e105 | |
| 会计电算化系统工程初阶/王世定等主编.-北京:北京经济学院出版社,1988.10 |
| 315页;19厘米 |
| ISBN 7-5638-0060-3:CNY3.60 |
| ● |
| 相关链接 |
|
|
|
|
正题名:会计电算化系统工程初阶
索取号:F232/105
 
预约/预借
| 序号 | 登录号 | 条形码 | 馆藏地/架位号 | 状态 | 备注 |
| 1 | 0260495 | 000206315 | 第一样本阅览室/ [索取号:F232/105] | 在馆 | |
| 2 | 0260496 | 000206351 | 第一借阅区/ [索取号:F232/105] | 在馆 |